000 00584nam a2200229Ia 4500
003 IT-RoPau
005 20220918175248.0
008 120407s9999 xx 000 0 und d
040 _aIT-RoPAU
_cIT-RoPau
040 _cIT-RoPAU
041 _aita
100 _aAlberione, Giacomo
_qSSP
_914
245 _aBrevi meditazioni per ogni giorno dell’anno.
250 _a3° ed.
260 _aEdizioni Paoline
_bAlba
_c1961
300 _c18 cm
_a398 p.
490 _aOrientamenti
490 _v2
520 _aINDICE PARTE III Le grandi preghiere.
942 _cBK
_2ddc
999 _c307
_d307